| 000 | 01117nam a22002777a 4500 | ||
|---|---|---|---|
| 999 |
_c11179 _d11179 |
||
| 003 | AR-CdUCM | ||
| 008 | 190403b ||||| |||| 00| 0 spa d | ||
| 040 |
_aMUNICIPALIDAD PROVINCIAL DEL CUSCO _cBIBLIOTECA MUNICIPAL DEL CUSCO |
||
| 082 |
_21ed. / 2da parte _a985.0095 / _bG24C / 1960 |
||
| 100 |
_aGarcilaso De la Vega, Inca _92774 |
||
| 245 | _aComentarios reales de los incas / | ||
| 260 |
_aLima : _bUniversidad Nacional Mayor de San Marcos, _c1960. |
||
| 300 |
_a3 tomos ; _c16 cm. |
||
| 440 |
_aBiblioteca de Cultura General. Serie Histórica _n5 _928401 |
||
| 500 | _aPatronato del libro Universitario. | ||
| 505 | _aContenido: t.2: Libro cuarto de los comentarios reales de los Incas -- t.3: Libro setimo de los comentarios reales de los Incas. | ||
| 650 |
_aPerú _935 |
||
| 650 |
_aDescripciones y viajes _9497 |
||
| 650 |
_aÉpoca Prehispánica _92714 |
||
| 650 |
_aHistoria _9136 |
||
| 700 |
_aDurand, José (estudio) _928402 |
||
| 710 |
_aUniversidad Nacional Mayor de San Marcos (Lima). _99962 |
||
| 710 |
_aLiberia e Imprenta Minerva (auspicio) _928403 |
||
| 942 |
_2ddc _cLIBROS |
||
| 945 | _aachl | ||